Koniec prvého desaťročia 21. storočia bez osláv (ouvertúra)

Na konci 1. desaťročia 21. storočia sa autor zastavuje pri udalostiach a súvislostiach z makrosociologického pohľadu na dianie vo svete s dôrazom na medzinárodné vzťahy a bezpečnosť.

Guardado en:
Detalles Bibliográficos
Autor principal: Škvrnda, František
Formato: Capítulo de libro
Lenguaje:eslovaco
Materias:
Etiquetas: Agregar Etiqueta
Sin Etiquetas, Sea el primero en etiquetar este registro!

MARC

LEADER 00000nla$a2200000$$$4500
001 0127113
005 20240502072441.0
041 0 |a slo 
044 |a SK 
245 1 0 |a Koniec prvého desaťročia 21. storočia bez osláv (ouvertúra)  |c František Škvrnda 
520 |a Na konci 1. desaťročia 21. storočia sa autor zastavuje pri udalostiach a súvislostiach z makrosociologického pohľadu na dianie vo svete s dôrazom na medzinárodné vzťahy a bezpečnosť. 
610 2 0 |a vzťahy medzinárodné 
610 2 0 |a bezpečnosť medzinárodná 
610 2 0 |a svet 
100 1 |a Škvrnda, František